Kiplinger's practical guide to your money : keep more of it, make it grow, enjoy it, protect it
| Main Author: | |
|---|---|
| Format: | Book |
| Published: |
Washington :
The Kiplinger Washington Editors, Inc ,
2002
|
| Subjects: |
MARC
| LEADER | 00000cam a2200000 7i4500 | ||
|---|---|---|---|
| 001 | 0000014099 | ||
| 005 | 20080220.0 | ||
| 008 | 080220 | ||
| 020 | |a 141950522X | ||
| 090 | 0 | 0 | |a 332.024 |b MIL |
| 100 | 1 | |a Miller, Ted | |
| 245 | 1 | 0 | |a Kiplinger's practical guide to your money : |b keep more of it, make it grow, enjoy it, protect it |c Ted Miller |
| 260 | |a Washington : |b The Kiplinger Washington Editors, Inc , |c 2002 | ||
| 650 | 0 | |a Finance, Personal | |
| 650 | 0 | |a Kiplinger's personal finance magazine | |
| 999 | |a 0001012092 |b Book |c Adult Collection |e Perbadanan Perpustakaan Awam Johor | ||